[Event "RUS-ch m3-4"]
[Site "Elista"]
[Date "1997.05.24"]
[Round "2.3"]
[White "Rublevsky, Sergei"]
[Black "Ivanov, Sergey"]
[Result "1-0"]
[WhiteElo "2645"]
[BlackElo "2515"]
[Annotator "Ivanov,Se"]
[PlyCount "81"]
[EventDate "1997.04.19"]
[EventType "k.o."]
[EventRounds "6"]
[EventCountry "RUS"]
[SourceTitle "CBM 059"]
[Source "ChessBase"]
[SourceDate "1997.08.01"]
[SourceVersion "1"]
[SourceVersionDate "1997.08.01"]
[SourceQuality "1"]

1. e4 e6 2. d4 d5 3. Nd2 c5 4. exd5 Qxd5 5. Ngf3 (5. dxc5 Bxc5 6. Ngf3 Nf6 7.
Bd3 O-O 8. Qe2 Nbd7 9. b3 Ng4 $5 $146 10. O-O Nde5 11. Be4 Nxf3+ 12. Nxf3 (12.
Bxf3 Qe5) 12... Qh5 13. Bf4 (13. h3 Nf6 14. Bb2 Nxe4 15. Qxe4 f6 16. Rad1 {
1/2-1/2 Svidler-Savchenko, Kazan 1995}) 13... Nf6 14. Rad1 Nxe4 (14... Qg4 15.
Qc4 $5 $13) 15. Qxe4 f6 16. Bd6 Bxd6 17. Rxd6 e5 18. Rfd1 Qf7 19. Nd2 Be6 20.
Nf1 Rac8 $11 {Rublevsky-Ivanov,S, Elista ch-RUS 1997 (rapid)}) 5... cxd4 6. Bc4
Qd6 7. O-O Nf6 8. Nb3 Nc6 9. Nbxd4 Nxd4 10. Nxd4 a6 11. Re1 Qc7 12. Bb3 Bd6 13.
Nf5 Bxh2+ 14. Kh1 O-O 15. Nxg7 Rd8 16. Qf3 Kxg7 17. Bh6+ Kg6 18. c3 (18. Rad1
$5 $146 Rxd1 19. Rxd1 Bd7 (19... Be5 $142 20. Qe3 Ne4 $1 $13) 20. Rd4 Qe5 21.
Be3 Bc6 22. Rg4+ $1 Nxg4 23. Qxg4+ Kf6 24. Qh4+ Kg7 25. Bd4 $18 {O.Korneev -
Vahidov, Ubeda, 1997}) 18... Nh5 $1 $146 19. Be3 (19. Re4 Kxh6 20. Rh4 Qe5 $5 (
20... Kg7 21. Qxh5 Bf4 22. Qg4+ Kf8 23. Qxf4 Qxf4 24. Rxf4 Bd7 $11 {Dolmatov})
21. Bd1 (21. Rxh2 Bd7 22. Qxf7 (22. g4 $4 Bc6 $19) (22. Bd1 $4 Qe1#) (22. Bc2
Bc6 23. Qxf7 Rd7 24. Rxh5+ Qxh5+ $19) 22... Bc6 23. Qxe6+ (23. Bxe6 Rf8 24. Qe7
Rae8 $19) 23... Qxe6 24. Bxe6 Kg5 {with the idea Rd2 -+}) (21. g4 Kg7 (21...
Bd7 22. Qxf7 (22. Qxb7 Qd6 {with the idea Bc6 -+}) (22. Rxh5+ Qxh5 23. Qf6+ (
23. gxh5 Bc6 $19) 23... Qg6 24. g5+ Kh5 25. Bd1+ Kh4 26. Qd4+ Kxg5 $19) (22.
Qh3 Bc6+ 23. f3 Qg3 (23... Qf4) 24. Rxh5+ Kg7 25. Rxh7+ Kf8 26. Qh6+ Ke8 $1 27.
Rxf7 $5 (27. Rh8+ Kd7 28. Rd1+ Kc7 $19) 27... Bxf3+ 28. Rxf3 Qxf3+ 29. Kxh2
Qf2+ 30. Kh1 Rd2 31. Qxe6+ Kd8 32. Qg8+ Kc7 33. Qf7+ $17) 22... Be8 23. Rxh5+
$5 (23. Qf8+ Qg7 $2 (23... Kg5 $1) 24. g5+ Kxg5 25. Rxh5+ $18) 23... Qxh5 24.
Qf8+ Kg5 25. Qe7+ (25. gxh5 Bc6+ 26. Kxh2 Rxf8 $19) (25. Qg7+ Qg6) 25... Kxg4
26. Bxe6+ (26. Bd1+ Rxd1+) (26. Qxe6+ Kg5) 26... Kf3 27. Qxb7+ (27. Qf6+ Bf4+
$19) 27... Kf4 $19) 22. Rxh5 Qf4 23. Qh3 Bd7 (23... Qxf2 $2 24. Rxh7+ Kf8 25.
Rf1 $18) 24. Rxh7+ Kf8 25. Rh8+ Ke7 26. Qh4+ f6 (26... Kd6 27. Rxd8) 27. Rh7+ (
27. Qh7+ Kd6 $13) 27... Kf8 (27... Ke8 $4 28. Qh5+ Kf8 29. Qf7#) (27... Kd6 28.
Qxh2 $14) 28. Rh8+ $11) (21. Qxf7 Qf5 (21... Bd7 22. Bd1 $1 Be8 23. Rxh5+ Qxh5
24. Qf8+ $18) (21... Bf4 22. g4 $18) 22. Rxh5+ (22. Qe7 Qg5 23. Rxh5+ Kxh5 24.
Qxh7+ Qh6 25. Qf7+ Kg5 $19) 22... Qxh5 23. Qf6+ Qg6 24. Qxd8 Be5 $17) (21. Bc2
{(with the ideas Rh5, Qf6)} Bf4 22. g4 Kg7 23. Rxh5 Qf6 24. Rxh7+ Kf8 $19)
21... Kg7 (21... Rxd1+ 22. Rxd1 Bf4 23. g3 $40) 22. Rxh5 (22. Qg4+ Kf8 23. Rxh5
f5 24. Qg5 Rd7) 22... f5 23. Qh3 (23. g3 Bxg3 $17) 23... Bf4 24. Rxh7+ Kg8 25.
Bb3 Rd7 $17) (19. Bc1 $5 f5 20. Bxe6 (20. g4 Bd7 (20... Nf6 21. Bxe6 $36) (
20... Ng7 21. gxf5+ Nxf5 22. Qg4+ $18) (20... Kg7 21. gxf5 $36) (20... Nf4 21.
gxf5+ exf5 22. Rg1+ Kf6 23. Kxh2 Ne2+ 24. Rg3 Nxg3 25. Bf4 $40) 21. gxh5+ (21.
gxf5+ exf5 22. Qg2+ Bg3) (21. Bxe6 Bc6 22. Bxf5+ Kg7 23. Be4 Rf8 24. Qg2 Bxe4
25. Rxe4 Nf6 26. Re6 Bf4 $17) (21. Qg2 Bf4 22. gxh5+ Kf6 $36) 21... Kg7 22.
Qg2+ Kh8 23. Bg5 (23. Qxh2 $4 Bc6+ 24. Kg1 Rg8+ $19) 23... Be5 $1 (23... Bc6 $4
24. Bf6+ $18) (23... Rf8 $2 24. Qxh2 $18) 24. Bxd8 Rxd8 $44 {with the ideas
Bc6, Rg8}) 20... Ng7 $5 (20... Bf4 21. g4 (21. Bxc8 Raxc8 22. Re6+ Kf7) 21...
fxg4 22. Qxg4+ Kh6 23. Bxc8 {with the idea Re6+ +-}) (20... Bxe6 21. Rxe6+ Nf6
22. g4 $1 (22. g3 Bxg3 23. fxg3 Qd7 $11 (23... Qc4 $5)) 22... Kg7 23. Bg5 (23.
Qxf5 Rd1+ 24. Kg2 Rg1+ 25. Kf3 Ng8 $13) 23... Rf8 24. Qxf5 (24. Bxf6+ Rxf6 25.
Rxf6 Kxf6 26. Qxf5+ Kg7 27. Rd1 Bd6 28. Qg5+ Kf7 29. Qd5+ (29. Qf5+ $11) 29...
Ke7 30. Re1+ Kd7 $13) 24... Ng8 25. Qe4 {(with the idea Qd4+)} h6 26. Be3 {
with the idea Bd4+ and attack}) 21. Bxc8 (21. Bb3 Bd6 (21... Be5 $2 22. Qe3 $1
$16) 22. g4 (22. Qe3 f4) (22. Qh3 Bf4) 22... f4 23. Qe4+ Kf6 $13) 21... Raxc8
22. g3 Bxg3 23. fxg3 Qc6 $11) 19... f5 $8 (19... Bf4 20. g4 $36) (19... e5 $2
20. Bc2+ f5 21. Qg4+ $18) (19... Nf6 $2 20. Bc2+ Kg7 21. Bh6+ $18) 20. g4 (20.
g3 Bxg3 (20... b5 $5 21. Kxh2 Bb7 22. Qe2 (22. Bf4 $5) 22... Qc6 $40) (20...
Bd7) 21. fxg3 b5 $17) 20... Nf6 (20... b5 21. gxh5+ Kg7 (21... Kf6 22. Bd4+ e5
23. Kxh2 exd4+ 24. Kh3 $13) 22. Qg2+ Kh8 23. Bd4+ e5 24. Qxh2 $16) (20... Bd7)
21. gxf5+ exf5 (21... Kf7 $6 22. fxe6+ Ke7 23. Bg5 $40) 22. Qg2+ (22. Rg1+ Bxg1
23. Rxg1+ Ng4 {(with the idea Qh2x)} 24. Rxg4+ (24. Qh3 Qc6+ 25. f3 Kg7 26. Rg2
b5 27. fxg4 Bb7 $19) 24... fxg4 25. Bc2+ Kg7 (25... Kh5) 26. Bd4+ Rxd4 $19)
22... Ng4 23. f3 Bd7 $6 (23... Bg3 24. fxg4 f4 $5 25. Rg1 Bxg4 $13) (23... b5
$1 24. Bc2 (24. Bd4 Kg5 $1 (24... Bb7 25. Re6+ Kg5 26. Bf6+ Kf4 27. Re4+ $1
Bxe4 (27... fxe4 28. Qxg4+ Ke3 29. Bg5+ Bf4 30. Qg1+ $18) 28. fxe4 {(with the
idea Rf1+ +-)} Nxf6 29. Qxh2+ {with the following Qc7 +-}) 25. Be3+ (25. Rad1
Bb7 26. Re6 Qg3) 25... Kg6 $11 (25... Bf4 $5) (25... f4 $5)) 24... Kf7 (24...
Bg3 25. fxg4 Bb7 26. gxf5+ Kf7 27. Be4 $40) (24... Kf6 25. Bd4+ Rxd4 26. cxd4
$36) 25. Bb3+ Kg6 (25... Kf8 $2 26. fxg4 Bb7 27. Bh6+ $18) (25... Kg7 26. Bd4+
(26. Bg5 $5) 26... Kf8 $1) 26. Bc2 $11) 24. Bd4 $1 (24. fxg4 $4 Bc6 25. gxf5+
Kh5 26. Bd1+ Rxd1 $19) (24. Bc2 {(with the idea Qg4)} Bg3 $1 25. fxg4 (25. Rg1
Nxe3 $19) 25... Bc6 26. Bxf5+ Kf7 27. Be4 (27. Be6+ $2 Kxe6 28. Bf4+ Kf7 29.
Bxc7 Bxg2+ 30. Kxg2 Bxc7 $19) 27... Bxe1 28. Rxe1 Bxe4 29. Rf1+ Kg8 30. Qxe4
Qc6 $17) (24. Bd5 {(with the idea fg4)} h5 $1 25. fxg4 hxg4 26. Qxh2 $4 Rh8 $19
) 24... Qg3 (24... Bc6 25. Re6+ $40) (24... Bg3 25. fxg4 $40 (25. Re7 $40)) (
24... h5 25. fxg4 hxg4 (25... Bc6 26. Re6+) 26. Qxh2 $18) (24... Kg5 25. Re7 $1
Qg3 26. fxg4 $1 Bc6 (26... Qxg2+ 27. Kxg2 Bd6 28. Rg7+ $16) (26... fxg4 27.
Qd5+ $18) 27. Rg7+ Kh6 28. g5+ Kh5 29. Bd1+ Kh4 30. Rxh7+ Kxg5 31. Rg7+ $18)
25. fxg4 Bc6 $2 (25... Qxg2+ $142 26. Kxg2 Bd6 27. Bc2 (27. Bd5 fxg4 28. Bxb7
Rab8 29. Be4+ Bf5 $13) 27... Kg5 $1 (27... h5 $2 28. gxf5+ Bxf5 29. Re6+ Kg5
30. Be3+ Kg4 31. Bd1+ Kh4 32. Rg6 $1 Bh3+ (32... Bxg6 33. Bf3 {with the
following Rh1x}) 33. Kf2 $18) (27... Re8 28. Kf3 $1 (28. Rf1 Re2+) (28. Bd3 h5)
28... Bc6+ 29. Kf2 Be4 $2 30. gxf5+ Kxf5 (30... Bxf5 31. Rg1+ $18) 31. Rxe4 $1
Rxe4 32. Kf3 Rae8 33. Re1 $18) 28. gxf5 Bxf5 29. Bxf5 (29. Be3+ Kg6) 29... Kxf5
30. Rf1+ Bf4 (30... Ke6 31. Rae1+ Kd5 32. Rf7 Kc6 33. Rxh7 $14) 31. Be3 (31.
Rae1 Rg8+ {and Rae8}) 31... Rg8+ 32. Kh1 Rg4 $11) 26. Re6+ (26. gxf5+ $2 Kg5
27. Re4 (27. Be3+ $2 Kh4) 27... Qxg2+ 28. Kxg2 Bxe4+ $17) 26... Kg5 27. Rxc6 (
27. Bf6+ Kxg4 28. Rxc6 Qxg2+ 29. Kxg2 Rd2+ 30. Kf1 bxc6 $19) (27. Be3+ Kxg4)
27... bxc6 28. Qxh2 (28. Qxc6 $6 Rxd4 $1 29. cxd4 (29. Qxa8 Rxg4 $13) 29... Qh4
$40) 28... Qxh2+ (28... Qf3+ 29. Qg2 (29. Kg1 Qxg4+) 29... fxg4 30. Qxf3 gxf3
31. Rg1+ $16) 29. Kxh2 fxg4 (29... c5 30. Bxc5 Rd2+ 31. Kg3 (31. Kg1 Kxg4 $13)
31... Re8 (31... Rd3+ 32. Kf2 Rd2+ 33. Ke3 Rxb2 $16) 32. gxf5 (32. Bc4 fxg4 $13
) (32. Rd1 $1 Rxb2 33. Rd5 $18) 32... Ree2 (32... Rd3+ 33. Kf2 Rd2+ 34. Kg1 Re4
$13) 33. Kf3 $18) 30. Rf1 $1 Rf8 (30... Re8 $142 31. Kg3 $16) 31. Bf7 $1 $18
Rab8 32. Kg3 (32. b3 Rb7 33. Be3+ Kh4 34. Kg2 {with the following Rh1 +-})
32... Rxf7 $8 (32... Rxb2 $4 33. Be3#) (32... Rbe8 $4 33. Bf6+ Kh6 34. Rh1#)
33. Rxf7 Rxb2 34. a4 (34. Rxh7 Rxa2 35. Rc7 $18) 34... h5 (34... Ra2) 35. Be3+
Kg6 36. Rc7 Kf5 37. Rxc6 h4+ 38. Kxh4 Rh2+ 39. Kg3 Rh3+ 40. Kf2 Rh2+ 41. Kg1
1-0

[Event "St Petersburg"]
[Site "St Petersburg"]
[Date "1997.04.21"]
[Round "5"]
[White "Tseitlin, Mark D"]
[Black "Ivanov, Sergey"]
[Result "1/2-1/2"]
[WhiteElo "2505"]
[BlackElo "2515"]
[Annotator "Ivanov,Se"]
[PlyCount "68"]
[EventDate "1997.??.??"]
[EventType "tourn"]
[EventRounds "11"]
[EventCountry "RUS"]
[EventCategory "14"]
[SourceTitle "CBM 059"]
[Source "ChessBase"]
[SourceDate "1997.08.01"]
[SourceVersion "1"]
[SourceVersionDate "1997.08.01"]
[SourceQuality "1"]

1. e4 e6 2. d4 d5 3. Nd2 c5 4. Ngf3 cxd4 5. Nxd4 Nf6 (5... Nc6 6. Bb5 Bd7 7.
Nxc6 Bxc6 (7... bxc6 8. Bd3 Qc7 9. Qe2 $1 Bd6 10. Nf3 dxe4 11. Qxe4 Nf6 12. Qh4
$14 {Yudasin - Gulko, Biel, 1993}) 8. Bxc6+ bxc6 9. c4 dxe4 10. Nxe4 Qxd1+ 11.
Kxd1 Rd8+ 12. Ke2 Rd4 13. Ng5 Rxc4 14. Be3 $44 {Yemelin - Y.Frolov, St.
Petersburg, 1994}) 6. exd5 (6. e5 Nfd7 7. N2f3 Nc6 8. Bb5 (8. Nxc6 bxc6 9. Bd3
Ba6 $1) 8... Qc7 (8... Qb6 $5 9. O-O Bc5 10. Be3 O-O 11. Bd3 Ncxe5 12. Nxe5
Nxe5 13. b4 Bxd4 (13... Qxb4 $5 14. Rb1 Qa4 $17) 14. Bxd4 Qc7 15. Bxh7+ $13 {
Shovunov - A.Zaharov, Novgorod, 1995}) 9. O-O $5 Ncxe5 (9... a6 10. Nxc6 bxc6
11. Ba4 Be7 12. c3 O-O 13. Re1 a5 14. Bc2 $14 {Eingorn - S.Ivanov, Azov, 1991})
10. Nxe5 Qxe5 11. Re1 Qf6 12. Nf3 $36 {Nikolenko - S.Ivanov, Lubniewice, 1994})
6... Qxd5 (6... Nxd5 7. N2f3 Be7 (7... Bb4+ 8. Bd2 Bxd2+ 9. Qxd2 O-O 10. Bc4 b6
11. O-O-O Bb7 12. Rhe1 Qc8 13. Bxd5 Bxd5 14. Nf5 exf5 15. Qxd5 Nc6 16. Ne5 Nxe5
17. Qxe5 g6 $11 {Kengis - Glek, Gedesburg, 1993}) 8. Bd3 $5 (8. Be2 a6 9. c4
Nf6 10. O-O Qc7 11. Re1 $6 e5 12. Nc2 O-O $15 {Eingorn - Dreev, Lucern, 1993})
(8. g3 O-O 9. Bg2 b5 $5 10. O-O a6 11. Qe2 Bf6 12. Rd1 Qb6 $11 {Kengis - Gulko,
Riga, 1995}) 8... Nd7 9. O-O O-O 10. c4 N5f6 11. Bf4 $14 {V.Spasov - Dreev,
Moscow, 1994}) 7. N2f3 (7. Nb5 Na6 (7... Qd8 8. Nc4 Nd5 9. Ne3 Nc7 10. Bd2 Nxb5
11. Bxb5+ Bd7 12. Bxd7+ Qxd7 13. Qg4 Nc6 14. O-O-O $32 {Adams - Levitt, Dublin,
1993}) 8. Be2 (8. c4 Qf5 $1 $132) (8. Nc3 Qe5+ 9. Be2 Bb4 $5 10. O-O Bxc3 11.
Nf3 Qd5 12. bxc3 O-O $13) (8. Nc4 $5 Qxd1+ (8... Bd7 $5 9. Qxd5 Nxd5 10. Nbd6+
Bxd6 11. Nxd6+ Ke7 12. Nxb7 Nab4 13. Kd1 (13. Kd2 Nf6 $5 $44) 13... Ba4 $36) 9.
Kxd1 Bc5 (9... Ng4 10. Ke2 Bc5 11. Ncd6+ Ke7 12. Ne4 Bd7 13. a4 Nf6 14. Nxc5
Nxc5 15. b3 $14) 10. f3 (10. Nbd6+ Ke7 $132) 10... O-O (10... Nd5 $5 {with the
idea Nac7}) 11. c3 Rd8+ 12. Kc2 Bd7 13. Na5 $2 (13. a4 $36 {with the idea b4,
Chertich}) 13... e5 $1 $17 {A.Delchev - Chertich, Beograd, 1996}) 8... Qxg2 (
8... Be7 9. O-O O-O 10. c4 Qd8 11. Bf3 Nc5 12. Nb3 $14 {Yemelin - A.Zaharov,
St.Petersburg, 1996}) (8... Bd7 9. c4 $14) 9. Bf3 Qg5 (9... Qh3 10. Nc4 {
with the idea Ncd6}) 10. a4 (10. Qe2 Bd7 $1 11. Bxb7 (11. c4 Bc6) 11... Bxb5
12. c4 Rb8 13. cxb5 Rxb7 14. bxa6 Rd7 $13) 10... Qh4 (10... Qe5+ $6 11. Kf1 Nd5
(11... Bd7 12. Nc4 Bxb5 13. axb5 Qxb5 14. Qe2 Nc7 15. Ra5 $1 Qd7 16. Bxb7 Rb8
17. Ne5 $18) 12. Nc4 Qb8 13. Bg5 $5 $36 {Yemelin - S.Ivanov, St.Petersburg,
1994}) 11. Rg1 $5 (11. Qe2 Be7 12. Rg1 O-O $13 {with the idea Nd5}) 11... Bc5 (
11... Qxh2 $5) 12. Qe2 O-O 13. b3 Nb4 14. Nc4 a6 $13 {Yemelin - S.Ivanov, St.
Petersburg, 1996}) 7... a6 (7... Nc6 8. Nb5 (8. Nxc6 Qxc6 (8... bxc6 $11)) 8...
Bb4+ 9. c3 Qxd1+ 10. Kxd1 Ba5 11. Nd6+ Ke7 12. Nxc8+ Raxc8 13. Bd3 Rhd8 14. Ke2
Ng4 15. Rd1 Bb6 16. Bg5+ f6 17. Bh4 Nge5 18. Nxe5 Nxe5 19. Be4 Nc4 20. Rxd8
Rxd8 21. b3 Nd6 22. Bd3 $11 {Yudasin - S.Ivanov, St.Petersburg, 1997}) (7...
Bc5 $5) 8. Bd3 (8. Be2 e5 9. Nb3 Qxd1+ 10. Bxd1 Nc6 11. O-O Bd6 12. c3 O-O 13.
Bc2 Bg4 14. Ng5 Rad8 15. Be3 $11 {Y.Kuang - S.Yu, Beijing, 1996}) 8... e5 $5 (
8... Nc6) 9. Qe2 $8 (9. Nb3 $2 e4 10. Qe2 Be6 $19) (9. c4 Bb4+ 10. Bd2 Qd6 $15)
9... Bb4+ $5 (9... e4 10. Bc4 (10. O-O Be6 11. Nxe6 exd3 $1 $13) 10... Qd6 11.
c3 {with the idea Ng5 Xe4}) 10. c3 (10. Bd2 Bxd2+ 11. Kxd2 $8 Nbd7 12. Nf5 Qa5+
13. c3 O-O $15 {(XKd2)}) 10... O-O 11. Bc4 $5 (11. Nxe5 Re8 (11... Qxg2)) (11.
cxb4 exd4 12. O-O Bg4 $15 {with the ideas Re8, Nc6}) (11. Nc2 Bc5 (11... Bd6 $5
) 12. Bc4 Qd6 13. Nxe5 Bxf2+ $1 14. Kxf2 Qxe5 $13) 11... Qd8 $5 (11... Qd6 12.
Nxe5 (12. Nb3 $1 Bc5 (12... e4 13. Ng5 Bc5 (13... Bg4 $6 14. Nxe4 Nxe4 15. Qxg4
Nxc3 16. O-O $1 Nb5 17. Rd1 Qg6 18. Qxg6 hxg6 19. Bxb5 axb5 20. Rd5 $16) 14.
Nxc5 Qxc5 15. Nxe4 Nxe4 16. Qxe4 $16) (12... b5 $5 13. Bxf7+ $5 Rxf7 14. cxb4
Nc6 15. O-O Bg4 16. h3 Bh5 17. Be3 e4 18. Qd2 Qxd2 19. Nfxd2 Nxb4 20. Nc5 $14)
13. Nxc5 Qxc5 14. Nxe5 $16) 12... b5 $2 (12... Qxd4 $142) 13. Bb3 Qxd4 14. O-O
$1 Bxc3 {Kveinys - S.Ivanov, Lubniewice, 1995} 15. Nxf7 $3 Rxf7 (15... Bb4 16.
Qf3 Qa7 17. Be3 Bb7 18. Nd6+ Kh8 19. Nxb7 $18) (15... Ba5 16. Qf3 (16. Qe7 Nbd7
) 16... Qa7 17. Be3 Bb7 18. Nd6+ Kh8 19. Nxb7 Bb6 $16) 16. Qe7 Bb4 17. Qxf7+
Kh8 18. Rd1 Qb6 19. Be3 Qa5 20. a3 $18) 12. Nxe5 Qxd4 13. O-O (13. Bd2 $5 Qd6
$5 (13... Bxc3 14. Bxc3 Qc5 15. O-O Nc6 $6 16. Nxf7 $1 Rxf7 17. Bxf6 gxf6 18.
Qe8+ Qf8 19. Bxf7+ $18) (13... Qe4 14. cxb4 (14. Qxe4 Nxe4 15. cxb4 $14) 14...
Qxg2 15. O-O-O $36) 14. cxb4 Nc6 15. Nxc6 (15. f4 Nd4 $36) 15... Qxc6 (15...
Re8 16. Be3 Qxc6 17. O-O Ng4 $132) 16. O-O Re8 17. Qd3 b5 18. Bb3 Bb7 19. f3
Rad8 20. Qc3 Qb6+ 21. Kh1 Re2 $44) 13... Bxc3 14. bxc3 (14. Nxf7 $5 Bb4 (14...
Rxf7 $2 15. Rd1 Qb6 (15... Qxd1+ 16. Qxd1 Ba5 17. Qb3 $18) 16. Qe7 $18) 15. Rd1
(15. Be3 Qh4 $8 16. g3 Qh5) 15... Qb6 (15... Qh4 $6 16. Bg5 Qh5 17. Qxh5 Nxh5
18. Nd6+ Kh8 19. Be7 $16) 16. Nd6+ Kh8 17. Qe7 Nbd7 $13) 14... Qc5 (14... Qxc3
$2 15. Bb2 Qb4 16. Nxf7 Rxf7 17. Bxf6 gxf6 18. Qe8+ Qf8 19. Bxf7+ $18) 15. Qe3
(15. a4 Nc6 16. Nxc6 Qxc6 $11) (15. Bg5 Nbd7 (15... Nc6 $2 16. Nxf7 $1 Rxf7 17.
Bxf6 $18) 16. Bxf6 (16. Nxf7 Rxf7 17. Qe6 Ne5) (16. Nxd7 Bxd7 17. Bxf6 gxf6 $11
18. Rad1 $140 Rae8) 16... Nxf6 17. Rad1 Bf5 {with the idea Rae8=}) 15... Qxe3 (
15... Nbd7 $2 16. Qxc5 Nxc5 17. Ba3 b6 18. Rab1 $16) (15... Qc7 $6 16. Ba3 Re8
17. Bd6 $1 Qxd6 18. Bxf7+ Kf8 19. Bxe8 Nxe8 (19... Kxe8 $2 20. Nc4+ Qe6 21. Nb6
$18) 20. Rad1 $40) 16. Bxe3 Nbd7 17. f4 (17. Bd4 Nxe5 18. Bxe5 Re8 19. Rfe1 Be6
$11) (17. Nf3 $5 b5 (17... Ne4 18. Bd4 Ndc5 19. Ne5 $5 $36) 18. Bb3 $1 (18. Be2
Bb7 19. a4 Nd5 20. Bd2 bxa4 21. Rxa4 Rfe8 22. Re1 Rac8 $11) 18... Bb7 19. c4
bxc4 (19... Bxf3 20. gxf3 Ne5 21. cxb5 Nxf3+ 22. Kg2 Nh4+ 23. Kh3 Nf5 24. b6
Nxe3 25. fxe3 Rab8 26. Rab1 $1 $14) 20. Bxc4 Rfc8 21. Rfc1 Bd5 22. Bf1 Rxc1 23.
Bxc1 a5 24. a4 $14 {Rozentalis - S.Ivanov, Krynica, 1997}) 17... Ne4 $1 (17...
Nxe5 $2 18. fxe5 Ng4 (18... Ne4 19. Rxf7 $1 Rxf7 20. Rf1 $16) 19. Bc5 Nxe5 20.
Bb3 $1 (20. Bxf8 Nxc4 $44) (20. Bd5 Rd8) 20... Bd7 (20... Re8 21. Rae1 {
with the idea Bd6+-}) 21. Rae1 $16) 18. Rab1 (18. Nxd7 Bxd7 19. Bd5 Bc6 $11) (
18. Bd5 Ndf6 (18... Nxc3 19. Nxd7 $1 Nxd5 (19... Bxd7 20. Bxb7 Rab8 21. Bxa6
$16) 20. Nxf8 Nxe3 21. Rfe1 $16) (18... Nxe5 19. Bxe4 Nc4 20. Bc5 Re8 21. Rfe1
$36) 19. c4 Nxd5 20. cxd5 Rd8 $11) 18... Nxe5 (18... Nxc3 19. Rb3 (19. Nxd7
Bxd7 20. Rxb7 Bb5) 19... Nb5 (19... Ne4 20. Bd5 $5 Ndf6 21. Bxb7 Bxb7 22. Rxb7
$14) (19... b5 20. Bxf7+) (19... Nxe5 $5 20. fxe5 b5 21. Bd3 Nd5 22. Bc5 Re8
23. Bd6 Be6 $15) 20. a4 Nd6 21. Bd5 Nf6 22. Bf3 Be6 $11) 19. fxe5 Be6 $1 (19...
Nxc3 $2 20. Rxf7 $1 Rxf7 21. Rf1 Bf5 22. Rxf5 Raf8 23. Bc5 g6 24. Rf3 $18) 20.
Bxe6 fxe6 $11 21. Rxb7 Nxc3 22. Rxf8+ Rxf8 23. h3 (23. Rb2 Nd1 $11 (23... Rf5)
(23... Rd8)) 23... Rf5 (23... Nxa2 24. Bd2 {with the idea Rb2 XNa2}) 24. Kh2
Nxa2 25. Bc5 $1 {with the idea Bd6} (25. Bd2 Rf2 26. Rb2 Nb4) 25... Rxe5 (25...
Nc3 26. Rb8+ (26. Bd6) 26... Kf7 27. Rf8+ Kg6 28. Re8 $36) 26. Bd4 Rg5 27. Rb8+
(27. Rb2 Rd5 $8 (27... Nc1 $4 28. Be3 $18) 28. Rb8+ Kf7 29. Rb7+ Ke8 30. Bxg7
Rd7 31. Rb8+ Kf7 32. Bb2 $13) 27... Kf7 28. Rb7+ Kg8 29. Rb8+ Kf7 30. Rb7+ Kf8
31. Rb8+ Ke7 32. Rb7+ (32. Rb2 Rd5 33. Bxg7 Nc1) 32... Kf8 (32... Kd6 33. Bxg7
h5 34. Rb6+ (34. Bf8+ $5) 34... Kc5 35. Rxa6 Rxg7 36. Rxa2 $11) 33. Rb8+ Ke7
34. Rb7+ Kf8 1/2-1/2